Model railroading. (Запис № 526104)

МАРК-запис
000 -LEADER
fixed length control field 01165nam a2200265u 4500
001 - CONTROL NUMBER
control field modelrailroading00lion
003 - CONTROL NUMBER IDENTIFIER
control field CaSfIA
005 - DATE AND TIME OF LATEST TRANSACTION
control field 20210118190034.0
007 - PHYSICAL DESCRIPTION FIXED FIELD--GENERAL INFORMATION
fixed length control field cr||||
008 - FIXED-LENGTH DATA ELEMENTS--GENERAL INFORMATION
fixed length control field 821203s1950 nyua 000 0 eng
035 ## - SYSTEM CONTROL NUMBER
-- (DLC) 50038050
010 ## - LIBRARY OF CONGRESS CONTROL NUMBER
LC control number 50038050
040 ## - CATALOGING SOURCE
Original cataloging agency DLC
Transcribing agency CarP
Modifying agency DLC
-- CaSfIA
050 00 - LIBRARY OF CONGRESS CALL NUMBER
Classification number TF197
Item number .L48
110 2# - MAIN ENTRY--CORPORATE NAME
Corporate name or jurisdiction name as entry element Lionel Corporation. [from old catalog]
245 00 - TITLE STATEMENT
Title Model railroading.
Medium [electronic resource]
260 ## - PUBLICATION, DISTRIBUTION, ETC. (IMPRINT)
Place of publication, distribution, etc New York,
Name of publisher, distributor, etc Bantam Books
Date of publication, distribution, etc [1950]
300 ## - PHYSICAL DESCRIPTION
Extent 256 p.
Other physical details illus.
Dimensions 17 cm.
506 ## - RESTRICTIONS ON ACCESS NOTE
Standardized terminology for access restriction Необхідна авторизація на https://archive.org/ (створення облікового запису безкоштовно)
506 ## - RESTRICTIONS ON ACCESS NOTE
Standardized terminology for access restriction Необхідна авторизація на https://openlibrary.org/ (створення облікового запису безкоштовно)
650 #0 - SUBJECT ADDED ENTRY--TOPICAL TERM
Topical term or geographic name as entry element Railroads
General subdivision Models. [from old catalog]
856 41 - ELECTRONIC LOCATION AND ACCESS
Uniform Resource Identifier <a href="http://www.archive.org/details/modelrailroading00lion">http://www.archive.org/details/modelrailroading00lion</a>
Public note Free eBook from the Internet Archive
856 42 - ELECTRONIC LOCATION AND ACCESS
Uniform Resource Identifier <a href="http://www.openlibrary.org/books/OL24214212M">http://www.openlibrary.org/books/OL24214212M</a>
Public note Additional information and access via Open Library
942 ## - ADDED ENTRY ELEMENTS (KOHA)
Koha item type ЕКнига

Немає доступних примірників.